Quality management in higher education / (Record no. 1452995)

MARC details
000 -LEADER
fixed length control field 01164nam a2200349 a 4500
001 - CONTROL NUMBER
control field vtls001925739
003 - CONTROL NUMBER IDENTIFIER
control field NLI
005 - DATE AND TIME OF LATEST TRANSACTION
control field 20210630193542.0
008 - FIXED-LENGTH DATA ELEMENTS--GENERAL INFORMATION
fixed length control field 161201s2016 ii a e |01 eng
020 ## - INTERNATIONAL STANDARD BOOK NUMBER
International Standard Book Number 978935150996
Terms of availability Rs.995.00
039 #9 - LEVEL OF BIBLIOGRAPHIC CONTROL AND CODING DETAIL [OBSOLETE]
Level of rules in bibliographic description 201904221555
Level of effort used to assign nonsubject heading access points somnathp
Level of effort used to assign subject headings 201904221552
Level of effort used to assign classification somnathp
-- 201612011550
-- umakar
040 ## - CATALOGING SOURCE
Original cataloging agency NLI
Language of cataloging eng
041 0# - LANGUAGE CODE
Language code of text/sound track or separate title eng
044 ## - COUNTRY OF PUBLISHING/PRODUCING ENTITY CODE
MARC country code ii
082 04 - DEWEY DECIMAL CLASSIFICATION NUMBER
Classification number 378.1010954
Edition number 23
100 1# - MAIN ENTRY--PERSONAL NAME
Personal name Mukhopadhyay, Marmar
9 (RLIN) 1241517
245 10 - TITLE STATEMENT
Title Quality management in higher education /
Statement of responsibility, etc. Marmar Mukhopadhyay
260 ## - PUBLICATION, DISTRIBUTION, ETC.
Place of publication, distribution, etc. New Delhi :
Name of publisher, distributor, etc. SAGE,
Date of publication, distribution, etc. 2016
300 ## - PHYSICAL DESCRIPTION
Extent xiv, 370 p. :
Other physical details ill. ;
Dimensions 22 cm.
504 ## - BIBLIOGRAPHY, ETC. NOTE
Bibliography, etc. note Includes bibliographical references and index
650 #0 - SUBJECT ADDED ENTRY--TOPICAL TERM
Topical term or geographic name entry element Education, Higher
Geographic subdivision India
9 (RLIN) 731830
650 #0 - SUBJECT ADDED ENTRY--TOPICAL TERM
Topical term or geographic name entry element Educational leadership
Geographic subdivision India
9 (RLIN) 884870
887 ## - NON-MARC INFORMATION FIELD
Content of non-MARC field Somnath Panja
901 ## - LOCAL DATA ELEMENT A, LDA (RLIN)
a DB163546 :
b 05.12.2016
902 ## - LOCAL DATA ELEMENT B, LDB (RLIN)
a E 378.1010954 M 896
903 ## - LOCAL DATA ELEMENT C, LDC (RLIN)
a Uma
904 ## - LOCAL DATA ELEMENT D, LDD (RLIN)
a Somnath Panja
949 ## - LOCAL PROCESSING INFORMATION (OCLC)
-- VIRTUAITEM
-- 10000
-- 100
6 DBA000163546ENG
942 ## - ADDED ENTRY ELEMENTS (KOHA)
Source of classification or shelving scheme Dewey Decimal Classification
Koha item type Books
Holdings
Withdrawn status Lost status Damaged status Not for loan Collection code Home library Current library Shelving location Date acquired Total Checkouts Full call number Barcode Date last seen Price effective from Koha item type
        New English National Library of India National Library of India New English - Main Stack Division     E 378.1010954 M 896 DBA000163546ENG 30/06/2021 30/06/2021 Books
                                                                           
web counter

Copyright ©2020 The National Library of India, Govt. of India ↔ Hosted by NVLI, MOC ↔ Technology and Design by National Library of India, Ministry of Culture, Govt. of India